| 000 | 00671nam0a22002291 4500 | ||
|---|---|---|---|
| 001 | RU\NLR\BIBL_A\022500463 | ||
| 005 | 20250626015346.0 | ||
| 035 | _a(NLR Aleph) 022500463 | ||
| 090 |
_a13387309 _c13387309 |
||
| 100 | _a20250324d1975 |||y0rusy50 ca | ||
| 101 | 1 |
_arus _cpor |
|
| 102 | _aRU | ||
| 105 | _ay z 000zy | ||
| 200 | 1 |
_aИстории Чёрной Земли _eСказки и Легенды Анголы _gПер. с португ. Л.В. Некрасовой |
|
| 210 |
_aМ. _cНаука _d1975 |
||
| 215 | _a264 с. | ||
| 852 |
_aNLR _bОЛСАА-сл-спр _j2-1748 |
||
| 942 | _cBOOK | ||
| 980 | _aNB | ||
| 980 | 1 | _aSL_SPR | |
| 980 | 1 | _aSL_SPR | |